Globalizace, etika, ekonomika

Guardado en:
Detalles Bibliográficos
Autor principal: Rolný, Ivo
Otros Autores: Lacina, Lubor
Formato: Libro
Lenguaje:checo
Publicado: Ostrava KEY Publishing 2008
Edición:3. rozšířené vydání
Materias:
Etiquetas: Agregar Etiqueta
Sin Etiquetas, Sea el primero en etiquetar este registro!

MARC

LEADER 00000nam a2200000 4500
001 0312434
005 20260302110938.5
020 |a 978-80-87071-62-5 
041 0 |a cze 
044 |a CZ 
245 1 0 |a Globalizace, etika, ekonomika  |c Ivo Rolný, Lubor Lacina 
250 |a 3. rozšířené vydání 
250 |a 1. vydání v KEY Publishing 
264 1 |a Ostrava  |b KEY Publishing  |c 2008 
300 |a 281 s. 
610 2 0 |a globalizácia hospodárstva 
610 2 0 |a globalizácia 
610 2 0 |a hospodárstvo svetové 
610 2 0 |a etika hospodárska 
610 2 0 |a podnikanie zodpovedné 
610 2 0 |a komunikácia multikultúrna 
610 2 0 |a obchod medzinárodný 
610 2 0 |a korupcia 
610 2 0 |a lobizmus 
100 1 |a Rolný, Ivo 
700 1 |a Lacina, Lubor